[Event "Mittelfranken-ch QT 55th"]
[Site "Postbauer"]
[Date "2006.04.13"]
[Round "3"]
[White "Nitsche, Erwin"]
[Black "Nerreter, Bernd"]
[Result "0-1"]
[WhiteElo "1629"]
[BlackElo "1434"]
[PlyCount "84"]
[EventDate "2006.04.12"]
[EventType "swiss"]
[EventRounds "7"]
[EventCountry "GER"]
[SourceTitle "EXT 2015"]
[Source "ChessBase"]
[SourceDate "2014.11.20"]
[SourceVersion "1"]
[SourceVersionDate "2014.11.20"]
[SourceQuality "1"]

1. e4 c5 2. Nf3 d6 3. d4 cxd4 4. Nxd4 Nf6 5. Nc3 a6 6. Be2 e5 7. Nb3 Be7 8. Be3 0-0 9. 0-0 Be6 10. a3 Qc7 11. Rc1 Nbd7 12. Kh1 Rad8 13. Qe1 Nb6 14. f3 d5 15. exd5 Nbxd5 16. Nxd5 Nxd5 17. Bd2 Bc5 18. Nxc5 Qxc5 19. Bd3 Qc7 20. Qh4 f5 21. g4 g6 22. Bh6 Rf7 23. Qg5 Nf4 24. Rg1 Bd5 25. Rcf1 Nh3 26. Qe3 Nxg1 27. Qxg1 Qc6 28. Qg3 e4 29. Be2 Qxc2 30. Rf2 Qxb2 31. gxf5 Rxf5 32. Bxa6 Qb1+ 33. Bf1 Rf7 34. h4 Qb6 35. Be2 Qc6 36. fxe4 Bxe4+ 37. Kh2 Rxf2+ 38. Qxf2 Qd6+ 39. Bf4 Qxa3 40. Bc4+ Bd5 41. Qd4 Qa5 42. Be3 Qc7+ 0-1

[Event "Mittelfranken-ch QT 49th"]
[Site "Ansbach"]
[Date "2000.??.??"]
[Round "2"]
[White "Gawlas, Gunder"]
[Black "Nitsche, Erwin"]
[Result "0-1"]
[WhiteElo "1618"]
[BlackElo "1500"]
[PlyCount "103"]
[EventDate "2000.04.19"]
[EventType "swiss"]
[EventRounds "7"]
[EventCountry "GER"]
[SourceTitle "EXT 2015"]
[Source "ChessBase"]
[SourceDate "2014.11.20"]
[SourceVersion "1"]
[SourceVersionDate "2014.11.20"]
[SourceQuality "1"]

1. e4 e5 2. Nf3 Nf6 3. Nxe5 Nc6 4. Nxc6 dxc6 5. d3 Bc5 6. Be2 0-0 7. 0-0 h6 8. Nc3 a6 9. Be3 Qe7 10. Qd2 Be6 11. f4 Rad8 12. f5 Bc8 13. Kh1 Bxe3 14. Qxe3 c5 15. Qg3 Rfe8 16. Rae1 Qe5 17. Qh4 Kf8 18. g4 c6 19. g5 hxg5 20. Qxg5 Ke7 21. Qf4 Nd7 22. Qxe5+ Nxe5 23. Rg1 g6 24. fxg6 fxg6 25. Ref1 Rf8 26. Kg2 Rh8 27. Na4 Bh3+ 28. Kg3 Bxf1 29. Rxf1 Kd6 30. b3 b5 31. Nc3 Rdf8 32. Rxf8 Rxf8 33. h3 g5 34. Nd1 Ke6 35. Ne3 Rh8 36. Nf5 Rf8 37. Bg4 Nxg4 38. hxg4 Rf7 39. Kf3 Rh7 40. Kg3 Rh1 41. d4 a5 42. Ng7+ Kf7 43. Nf5 Ra1 44. dxc5 Rxa2 45. Nd4 a4 46. bxa4 Ra3+ 47. Kf2 bxa4 48. Nxc6 Rc3 49. Nd4 a3 50. c6 a2 51. Nb3 Rxb3 52. cxb3 0-1

[Event "Mittelfranken-ch QT 49th"]
[Site "Ansbach"]
[Date "2000.??.??"]
[Round "4"]
[White "Nitsche, Erwin"]
[Black "Sommer, Dieter"]
[Result "0-1"]
[WhiteElo "1500"]
[BlackElo "1733"]
[PlyCount "64"]
[EventDate "2000.04.19"]
[EventType "swiss"]
[EventRounds "7"]
[EventCountry "GER"]
[SourceTitle "EXT 2015"]
[Source "ChessBase"]
[SourceDate "2014.11.20"]
[SourceVersion "1"]
[SourceVersionDate "2014.11.20"]
[SourceQuality "1"]

1. e4 e5 2. Nf3 d6 3. Bc4 Be7 4. c3 Nf6 5. d3 0-0 6. h3 a6 7. a4 Nbd7 8. Be3 c5 9. 0-0 Nb6 10. Bb3 a5 11. Nbd2 Qc7 12. c4 Be6 13. Nh2 h6 14. Qe2 Qd7 15. f4 exf4 16. Rxf4 Nh7 17. Raf1 Nxa4 18. Bxa4 Qxa4 19. Qh5 Bg5 20. R4f3 g6 21. Bxg5 gxh5 22. Bxh6 Kh8 23. Rf4 Rg8 24. Rh4 Qd7 25. Rf3 Rg6 26. Rxh5 Rag8 27. g4 Bxg4 28. Nxg4 Rxg4+ 29. Kf2 Rg2+ 30. Ke3 R8g3 31. Bf4 Rxf3+ 32. Nxf3 Kg8 0-1

[Event "Mittelfranken-ch QT 49th"]
[Site "Ansbach"]
[Date "2000.??.??"]
[Round "1"]
[White "Weissmann, Peter"]
[Black "Nitsche, Erwin"]
[Result "1-0"]
[WhiteElo "1733"]
[BlackElo "1500"]
[PlyCount "67"]
[EventDate "2000.04.19"]
[EventType "swiss"]
[EventRounds "7"]
[EventCountry "GER"]
[SourceTitle "EXT 2015"]
[Source "ChessBase"]
[SourceDate "2014.11.20"]
[SourceVersion "1"]
[SourceVersionDate "2014.11.20"]
[SourceQuality "1"]

1. e4 e6 2. d4 d5 3. e5 c5 4. c3 cxd4 5. cxd4 Nc6 6. Nf3 a6 7. a3 Bd7 8. b4 Na7 9. Bd3 Ne7 10. 0-0 h6 11. Nc3 Rc8 12. Bd2 Nf5 13. Bxf5 exf5 14. Qb3 Be6 15. Rac1 Be7 16. Ne1 0-0 17. Nd3 Rc4 18. Ne2 b5 19. Nb2 Rxc1 20. Rxc1 Bg5 21. f4 Be7 22. Nd3 g5 23. Nc5 Bxc5 24. Rxc5 g4 25. Ng3 Qh4 26. Be1 f6 27. Qc3 fxe5 28. dxe5 Qd8 29. Bf2 Nc8 30. Nh5 Nb6 31. Rc7 Nc4 32. Ra7 Qc8 33. Nf6+ Kh8 34. Rh7# 1-0